Statystyki dla Państwa Europy w losowej kolejności

Kliknij tutaj aby rozwiązać quiz!

Ogólne statystyki

  • Ten quiz został rozwiązany 48 razy
  • Średni wynik to 39 z 45

Odpowiedzi na mapie

Odpowiedzi skodowane kolorowo w zielono-czerwonej skali na mapie do tego quizu, zgodnie z poniższymi procentami.
 

Statystyki odpowiedzi

Państwo% Poprawnych
Liechtenstein
94%
Albania
91%
Łotwa
91%
Luksemburg
91%
Monako
91%
Belgia
88%
Czechy
88%
Estonia
88%
Grecja
88%
Hiszpania
88%
Islandia
88%
Litwa
88%
Macedonia Północna
88%
Mołdawia
88%
San Marino
88%
Słowacja
88%
Wielka Brytania
88%
Andora
85%
Austria
85%
Białoruś
85%
Bośnia i Hercegowina
85%
Bułgaria
85%
Chorwacja
85%
Czarnogóra
85%
Dania
85%
Finlandia
85%
Holandia
85%
Irlandia
85%
Kosowo
85%
Malta
85%
Niemcy
85%
Norwegia
85%
Polska
85%
Portugalia
85%
Rumunia
85%
Serbia
85%
Słowenia
85%
Szwajcaria
85%
Szwecja
85%
Watykan
85%
Węgry
85%
Francja
82%
Rosja
82%
Ukraina
82%
Włochy
82%

Rozkład punktacji

Percentyl według liczby udzielonych odpowiedzi

Procent ludzi z każdym wynikiem

Twoja historia wyników

Nie rozwiązałeś tego quizu